| 000 | 00629nam a2200205 a 4500 | ||
|---|---|---|---|
| 005 | 20240424063754.0 | ||
| 008 | 080421s2002 mx r 000 0 spa d | ||
| 020 | _a9706906320 | ||
| 035 | _aUPN01000155552 | ||
| 049 | _aI | ||
| 050 | 4 |
_aG175 _bP5.3 |
|
| 100 | 1 | _aPlatt, Richard | |
| 245 | 1 | 0 |
_aExploradores : _baventureros que abrieron nuevas fronteras / _cpor Richard Platt ; tr. Eunice Cortés. |
| 260 |
_aMéxico : _bPlaneta, _cc2002. |
||
| 300 |
_a96 p. : _bil. col. |
||
| 440 | 0 |
_aPlaneta Junior. _pMegabites |
|
| 650 | 4 |
_aEXPLORADORES - _vLITERATURA JUVENIL _99926 |
|
| 650 | 4 |
_aExploradores _910041 |
|
| 905 | _aInfantil | ||
| 999 |
_c127667 _d127667 |
||